Normal view
MARC view
Entry Personal Name
001 - CONTROL NUMBER
- control field: 3377
003 - CONTROL NUMBER IDENTIFIER
- control field: ARRUPE
005 - DATE AND TIME OF LATEST TRANSACTION
- control field: 20131106135050.0
008 - FIXED-LENGTH DATA ELEMENTS
- fixed length control field: 131106|| aca||aabn | a|a d
040 ## - CATALOGING SOURCE
- Original cataloging agency: ARRUPE
- Transcribing agency: ARRUPE
100 ## - HEADING--PERSONAL NAME
- Personal name: Moravia, Alberto,
- Dates associated with a name: 1907-1990.
670 ## - SOURCE DATA FOUND
- Source citation: Work cat.: (ARRUPE)0: Moravia, Alberto, 1907-1990., The empty canvas /, 1973, c1961.